000 01326nam a2200433 i 4500
001 53302
003 KOSZ 005
005 20230110113030.0
008 000511s1999 pl a |000 0 pol
015 _aUWD 2000/8563
020 _a8385038612
035 _a991013893539705066
035 _a(PL-WaBN)b13737302-48omnis_nlop
035 _ab13737302
035 _a(OCoLC)830261710
035 _acc2000019089
035 _a(PL)b0000001373730
035 _a(EXLNZ-48OMNIS_NETWORK)9910355789005606
040 _aWA N
_cWA N
_dKOSZ 005/HR
041 0 _apol
046 _k1999
080 _a641.5
080 _a(083.1)
245 0 0 _aŻywność lekarstwem /
_cHanna Masternak [et al.] ; oprac. całości Hanna Masternak.
260 _aWarszawa :
_b"Hoża",
_ccop. 1999.
300 _a207, [1] s. :
_bil. kolor. ;
_c24 cm.
336 _aTekst
_btxt
_2rdacontent
337 _aBez urządzenia pośredniczącego
_bn
_2rdamedia
338 _aWolumin
_bnc
_2rdacarrier
380 _aKsiążki
388 _a1901-2000
388 _a1989-2000
655 7 _aPrzepisy kulinarne
_2DBN
658 _aKulinaria
700 1 _aMasternak, Hanna
_eAutor
856 _uhttp://koha.tu.koszalin.pl/cgi-bin/koha/opac-detail.pl?biblionumber=53302
_yKatalog online BPK
942 _2UKD
_cKS
999 _c53302
_d53302